[Event "IV Open A"]
[Site "Gora Swietej Anny POL"]
[Date "2011.02.16"]
[Round "6.13"]
[White "Suliborski,A"]
[Black "Siedlecki,Adam"]
[Result "0-1"]
[WhiteElo "1725"]
[BlackElo "1860"]

1.d4 Nf6 2.c4 g6 3.Nc3 Bg7 4.e4 d6 5.Nf3 O-O 6.Be2 e5 7.O-O Nc6 8.d5 Ne7
9.b4 Nd7 10.Ba3 f5 11.Nd2 Nf6 12.f3 f4 13.c5 h5 14.Nc4 g5 15.b5 Ne8 16.cxd6 cxd6
17.Qb3 Ng6 18.b6 a6 19.Na5 Rf7 20.Na4 Nh4 21.Rac1 g4 22.Nc6 Qg5 23.Na7 gxf3
24.Bxf3 Bg4 25.Bxg4 hxg4 26.Nb2 f3 27.g3 f2+ 28.Kh1 Qxc1 29.Nd1 Qg5 30.gxh4 Qxh4
31.Qg3 Qxg3 32.hxg3 Rf3 33.Bc1 Nf6 34.Rxf2 Nxe4  0-1

[Event "ch-POL Women"]
[Site "Warsaw POL"]
[Date "2011.02.17"]
[Round "6"]
[White "Lach,A"]
[Black "Dworakowska,J"]
[Result "0-1"]
[WhiteElo "2172"]
[BlackElo "2334"]

1.c4 Nf6 2.Nc3 g6 3.d4 Bg7 4.e4 d6 5.Nf3 O-O 6.Be2 e5 7.O-O Nc6 8.d5 Ne7
9.Ne1 Nd7 10.Nd3 f5 11.Bd2 Nf6 12.f3 f4 13.c5 g5 14.Rc1 Rf7 15.cxd6 cxd6
16.Nb5 g4 17.Nc7 Rb8 18.Qa4 g3 19.h3 Nexd5 20.Qxa7 Bxh3 21.exd5 Bf5 22.Ne6 Bxe6
23.dxe6 Rf8 24.Ba5 Qe8 25.e7 Qh5 26.exf8=Q+ Bxf8 27.Rfe1 Ra8 28.Bb6 Qh2+
29.Kf1 Qh1+ 30.Bg1 Rxa7 31.Nb4 Ra8 32.Bc4+ Kh8 33.Nd5 e4 34.Rc3 Nxd5 35.Bxd5 e3
36.Rc7 Re8 37.Bc4 d5 38.Bd3 Bg7 39.Re2 Qh6 40.Rec2 Qe6 41.Ke2 h5 42.Rxb7 Rc8
43.Rb4 Rxc2+ 44.Bxc2 Qc8 45.Bb3 Qc5  0-1

[Event "16th Lienz-Open 2011"]
[Site "Lienz AUT"]
[Date "2011.02.18"]
[Round "8"]
[White "Dietmayer Kraeutler,M"]
[Black "Popovic,Du"]
[Result "0-1"]
[WhiteElo "2237"]
[BlackElo "2557"]

1.d4 Nf6 2.c4 g6 3.Nc3 Bg7 4.e4 d6 5.Nf3 O-O 6.Be2 e5 7.O-O Nc6 8.d5 Ne7
9.b4 Ne8 10.Re1 f5 11.Ng5 h6 12.Ne6 Bxe6 13.dxe6 Qc8 14.Nd5 Qxe6 15.Nxe7+ Qxe7
16.Qd5+ Kh8 17.Qxb7 Nf6 18.Bd3 Qd7 19.Qa6 c6 20.Bb2 fxe4 21.Bxe4 Nxe4 22.Rxe4 Rxf2
23.Kxf2 Qf5+ 24.Ke3 d5 25.cxd5 cxd5 26.Qd3 dxe4 27.Qxe4 Qf4+  0-1

[Event "TCh-CAT Div Hon"]
[Site "Barcelona ESP"]
[Date "2011.02.19"]
[Round "4.9"]
[White "Barquero Pinar,D"]
[Black "Pueyo Burrell,D"]
[Result "0-1"]
[WhiteElo "2185"]
[BlackElo "2156"]

1.e4 g6 2.d4 Bg7 3.c4 d6 4.Nc3 Nf6 5.Nf3 O-O 6.Be2 e5 7.O-O Nc6 8.d5 Ne7
9.b4 Nh5 10.Re1 Nf4 11.Bf1 a5 12.bxa5 f5 13.g3 fxe4 14.Ng5 Nd3 15.Bxd3 exd3
16.Qxd3 Nf5 17.f4 Nd4 18.Bd2 Bf5 19.Nge4 exf4 20.Bxf4 g5 21.Bd2 Bxe4 22.Rxe4 Nf3+
23.Kg2 Nxd2 24.Qxd2 Qf6 25.Re3 g4 26.Qe2 Qf3+ 27.Qxf3 gxf3+ 28.Rxf3 Rxf3
29.Kxf3 Bxc3 30.Rb1 Bxa5 31.Rxb7 Bb6 32.c5 Bxc5 33.Rxc7 Rxa2 34.h4 Ra7 35.Rc8+ Kg7
36.Re8 Kf7 37.Rh8 Kf6 38.Kf4 Rf7 39.Re8 Re7 40.Rf8+ Kg7 41.Rd8 Re5 42.Rd7+ Kg6
43.g4 h6 44.h5+ Kf6 45.Rh7 Be3+ 46.Kf3 Bg5  0-1

[Event "16th Lienz-Open 2011"]
[Site "Lienz AUT"]
[Date "2011.02.19"]
[Round "9"]
[White "Dimitrov,At"]
[Black "Sedlak,N"]
[Result "0-1"]
[WhiteElo "2355"]
[BlackElo "2556"]

1.Nf3 Nf6 2.c4 g6 3.Nc3 Bg7 4.e4 d6 5.d4 O-O 6.Be2 e5 7.O-O Nc6 8.dxe5 Nxe5
9.Nd4 Re8 10.Bf4 Ned7 11.Bf3 Nc5 12.Re1 Nfd7 13.Be3 a5 14.Qd2 c6 15.Nb3 Nxb3
16.axb3 Nc5 17.Bd1 Nxe4 18.Nxe4 Rxe4 19.Bf3 Re6 20.b4 a4 21.Qc2 Bd7 22.Re2 Qh4
23.h3 Ree8 24.Rd2 Bf5 25.Qc1 Be4 26.Bxe4 Rxe4 27.b3 Bxa1 28.Qxa1 Qe7 29.bxa4 Rxc4
30.Qa3 d5  0-1

[Event "TCh-SVK Extraliga 2010-11"]
[Site "Slovakia SVK"]
[Date "2011.02.19"]
[Round "5.1"]
[White "Maslik,M"]
[Black "Mazur,Ste"]
[Result "0-1"]
[WhiteElo "2402"]
[BlackElo "2388"]

1.d4 Nf6 2.c4 g6 3.Nc3 Bg7 4.e4 d6 5.Nf3 O-O 6.Be2 e5 7.O-O Nc6 8.d5 Ne7
9.Ne1 Nd7 10.Nd3 f5 11.Bd2 Kh8 12.Rc1 c5 13.f4 Ng8 14.exf5 gxf5 15.Be3 Qe7
16.Qd2 a6 17.a3 b5 18.b3 bxc4 19.bxc4 Nb6 20.Nf2 Bd7 21.Nh3 e4 22.Rb1 Rab8
23.Ng5 h6 24.Ne6 Bxe6 25.dxe6 Qxe6 26.Nd5 Nxd5 27.cxd5 Qd7 28.g4 fxg4 29.f5 Rxb1
30.Rxb1 h5 31.Rf1 Qa4 32.h3 gxh3 33.Kh1 Qxa3 34.Bxh5 Qb2 35.f6 Rxf6 36.Rxf6 Qxd2
37.Bxd2 Nxf6 38.Bf7 Ng4 39.Be6 Nf2+ 40.Kh2  0-1

[Event "ch-St Petersburg S/F 2011"]
[Site "St Petersburg RUS"]
[Date "2011.02.19"]
[Round "9.1"]
[White "Usmanov,V"]
[Black "Rozum,I"]
[Result "0-1"]
[WhiteElo "2215"]
[BlackElo "2470"]

1.d4 g6 2.c4 Bg7 3.Nf3 d6 4.e4 Nf6 5.Nc3 O-O 6.Be2 Nc6 7.O-O e5 8.d5 Ne7
9.Ne1 Ne8 10.Nd3 f5 11.exf5 gxf5 12.f4 Ng6 13.Be3 Nf6 14.fxe5 dxe5 15.Qb3 Kh8
16.Rae1 Rg8 17.Bd1 b6 18.h4 f4 19.Bf2 Ng4 20.h5 Nh4 21.Ne4 Nxf2 22.Rxf2 Nf5
23.Qc3 Qh4 24.h6 Nxh6 25.Nxe5 Bf5 26.Nd2 Raf8 27.Ndf3 Qg3 28.Nd4 Qg5 29.Ndf3 Qd8
30.Qd2 Qd6 31.b4 Bg4 32.Bc2 Bxf3 33.Nxf3 Ng4 34.Re6 Qd7 35.Rfe2 Ne3 36.R2xe3 fxe3
37.Qxe3 Bf6 38.Ne5 Qg7 39.Qh3 Bxe5 40.Rxe5 h6 41.Re7 Qd4+ 42.Kh2 Qf4+ 43.Kh1 Rg7
44.Rxg7 Kxg7 45.Qc3+ Kg8 46.c5 Qh4+ 47.Kg1 Qf2+ 48.Kh1 Rf4  0-1

[Event "TCh-SVK Extraliga 2010-11"]
[Site "Slovakia SVK"]
[Date "2011.02.20"]
[Round "6.8"]
[White "Srvatka,I"]
[Black "Frindt,K"]
[Result "0-1"]
[WhiteElo "2205"]
[BlackElo "2210"]

1.d4 Nf6 2.c4 g6 3.Nc3 Bg7 4.Nf3 O-O 5.e4 d6 6.Be2 e5 7.O-O Nc6 8.d5 Ne7
9.Ne1 Nd7 10.Nd3 f5 11.f3 f4 12.Bd2 g5 13.c5 Nxc5 14.Nxc5 dxc5 15.Rc1 a6
16.Na4 b6 17.b4 cxb4 18.Bxb4 Rf6 19.Qc2 c5 20.Bc3 Ng6 21.Rb1 Bd7 22.Nb2 b5
23.Nd3 Qc7 24.Qb2 Rf7 25.Rfc1 c4 26.Be1 Bf8 27.Bf2 Bd6 28.a4 h5 29.g3 fxg3
30.hxg3 Rc8 31.Kg2 g4 32.Be3 Qd8 33.Nf2 gxf3+ 34.Bxf3 h4 35.Bh5 Qf6 36.Qe2 hxg3
37.Ng4 Bxg4 38.Qxg4 Rcc7 39.Qxg6+ Qxg6 40.Bxg6 Rg7 41.Bf5 b4 42.Bb6 b3 43.Be6+ Kf8
44.Bxc7 Rxc7 45.Kxg3 Ba3 46.Rc3 Bb4 47.d6 Rg7+ 48.Kf3 Bxc3 49.Bxc4 b2 50.Rh1 Rd7
51.Bxa6 Rxd6 52.Bc4 Rb6 53.Bd3 Bd2 54.Ke2 Bc1 55.Bb1 Ra6 56.Rh5 Bf4 57.Rh8+ Ke7
58.Rb8 Bc1 59.Bc2 Rc6 60.Kd3 Rh6 61.Rb5 Rh3+ 62.Kc4 Kd6 63.Bd3 Rh2 64.a5 Be3
65.Rb3 Bd4 66.a6 Rh1 67.Bc2 Rc1 68.Kd3 Ra1 69.Kc4 Rxa6 70.Rb8 Ra3 71.Rb3 Ra8
72.Bd3 Rc8+ 73.Kb5 Rc1 74.Ka4 Kc7 75.Kb4 Kc6 76.Ka4 Rd1 77.Bc2 Rc1 78.Bd3 Bc3
79.Ra3 Kc5 80.Kb3 Ra1 81.Ra2 Kd4 82.Bc2 b1=Q+ 83.Bxb1 Rxb1+ 84.Kc2 Rb2+  0-1

[Event "61st ch-RUS w 1st League"]
[Site "Ivanovo RUS"]
[Date "2011.02.23"]
[Round "3"]
[White "Baraeva,M"]
[Black "Petrova,O"]
[Result "0-1"]
[WhiteElo "2152"]
[BlackElo "2230"]

1.d4 Nf6 2.c4 g6 3.Nc3 Bg7 4.e4 d6 5.Be2 O-O 6.Nf3 e5 7.O-O Nc6 8.d5 Ne7
9.b4 Nh5 10.Re1 f5 11.Ng5 Nf6 12.Bf3 f4 13.Ba3 h6 14.Ne6 Bxe6 15.dxe6 Nc6
16.Nd5 Re8 17.Nxf6+ Qxf6 18.Bg4 h5 19.Bh3 Nd4 20.Bb2 Nxe6 21.Qd5 b6 22.c5 dxc5
23.bxc5 Rad8 24.Bxe6+ Rxe6 25.Qb7 Bf8 26.Qxc7 Bxc5 27.Rad1 Red6 28.Rxd6 Rxd6
29.Qb8+ Kh7 30.Qxa7+ Kh6 31.Ba3 Bxf2+ 32.Kxf2 Rd2+ 33.Kf1 f3 34.g3 f2 35.Rb1 Qf3  0-1

[Event "Elitzur Winter IM"]
[Site "Petach Tikva ISR"]
[Date "2011.02.23"]
[Round "1"]
[White "Kaganskiy,G"]
[Black "Kantsler,B"]
[Result "1-0"]
[WhiteElo "2301"]
[BlackElo "2433"]

1.Nf3 Nf6 2.c4 g6 3.Nc3 Bg7 4.e4 d6 5.d4 O-O 6.Be2 e5 7.O-O Nc6 8.d5 Ne7
9.b4 c6 10.Ne1 a5 11.bxa5 Qxa5 12.Bd2 cxd5 13.cxd5 Bd7 14.Nb5 Qa4 15.Qxa4 Rxa4
16.f3 Rfa8 17.Nc3 Ra3 18.Rb1 Rc8 19.Rb3 Rxb3 20.axb3 Ra8 21.Nc2 Nc8 22.Ra1 Rxa1+
23.Nxa1 Kf8 24.b4 Ke7 25.Nb3 Kd8 26.Na5 Kc7 27.Be3 Nb6 28.Bb5 Bc8 29.Bf1 Bd7
30.Bb5 Bc8 31.Bg5 Kb8 32.Kf2 Kc7 33.Be2 Kd8 34.Bd3 h6 35.Be3 Nbd7 36.Nb5 Ne8
37.Nc4 Bf8 38.Bc2 g5 39.Ba4 Be7 40.Na7 Kc7 41.Nb6 Nxb6 42.Bxb6+ Kxb6 43.Nxc8+ Kc7
44.Nxe7  1-0

[Event "1st Donetsk Masters"]
[Site "Donetsk UKR"]
[Date "2011.02.25"]
[Round "1"]
[White "Iljin,T"]
[Black "Aridov,V"]
[Result "1/2-1/2"]
[WhiteElo "2473"]
[BlackElo "2291"]

1.d4 d6 2.Nf3 Nf6 3.c4 g6 4.Nc3 Bg7 5.e4 O-O 6.Be2 e5 7.O-O Nc6 8.d5 Ne7
9.Ne1 a5 10.Nd3 b6 11.f3 Nd7 12.Be3 f5 13.a3 f4 14.Bf2 Ba6 15.Nb5 Nc5 16.Nxc5 dxc5
17.Nc3 Bf6 18.Na4 Nc8 19.b4 axb4 20.axb4 cxb4 21.c5 Bh4 22.g3 Bxe2 23.Qxe2 Be7
24.d6 cxd6 25.cxb6 Qd7 26.Nc5 dxc5 27.Rxa8 Nxb6 28.Qa2+ Kg7 29.Ra7 Qd6 30.Qa6 Rf7
31.gxf4 exf4 32.e5 Qc6 33.e6 Qxe6 34.Re1 Qf6 35.Raxe7 Rxe7 36.Rxe7+ Qxe7
37.Qxb6 Qg5+ 38.Kf1 Qd5 39.Qc7+ Kg8 40.Qb8+ Kg7 41.Qc7+ Kg8 42.Qb8+ Kg7 43.Qxf4 b3
44.Be1 Qd3+ 45.Kg2 Qc2+ 46.Kg3 b2 47.Qe5+ Kf7 48.Qd5+ Ke7 49.Qe5+ Kf7  1/2-1/2

[Event "Bunratty Masters"]
[Site "Bunratty IRL"]
[Date "2011.02.27"]
[Round "5"]
[White "Pein,M"]
[Black "Hunt,A"]
[Result "1/2-1/2"]
[WhiteElo "2390"]
[BlackElo "2436"]

1.d4 Nf6 2.c4 g6 3.Nc3 Bg7 4.e4 d6 5.Nf3 O-O 6.Be2 e5 7.O-O Nc6 8.d5 Ne7
9.Nd2 c6 10.b4 a5 11.bxa5 Qxa5 12.Bb2 Qd8 13.Kh1 Ne8 14.Nb3 c5 15.f4 exf4
16.Rxf4 f5 17.Qc2 g5 18.Rff1 f4 19.Nd1 Ng6 20.Bxg7 Kxg7 21.Nf2 Nf6 22.Nd2 g4
23.Kg1 Kg8 24.a4 h5 25.e5 Nxe5 26.Nd3 Bf5 27.Rxf4 Bg6 28.Qc3 Nfd7 29.Raf1 Qg5
30.Nxe5 Nxe5 31.Qe3 Rxf4 32.Rxf4 Qe7 33.Ne4 Rxa4 34.Nf6+ Kg7 35.Rf1 Qxf6
36.Rxf6 Kxf6 37.Qh6 Kf7 38.h3 Ra2 39.Kf1 Ra1+ 40.Kf2 Ra2 41.Kf1 Ra1+ 42.Kf2 Ra2
43.Kf1 Ra1+  1/2-1/2

[Event "Lviv Talents FIDE open"]
[Site "Lviv UKR"]
[Date "2011.02.27"]
[Round "5.4"]
[White "Zazuliak,A"]
[Black "Davymuka,Roman"]
[Result "1-0"]
[WhiteElo "2175"]
[BlackElo "2138"]

1.d4 Nf6 2.c4 g6 3.Nc3 Bg7 4.e4 O-O 5.Be2 d6 6.Nf3 Nc6 7.O-O e5 8.Be3 Bg4
9.d5 Ne7 10.c5 Ne8 11.b4 h6 12.Qc1 Bxf3 13.Bxf3 Kh7 14.Qc2 Kh8 15.Rac1 f5
16.Rfd1 g5 17.exf5 Nxf5 18.Be4 Nxe3 19.fxe3 g4 20.Ne2 Qg5 21.Rd3 h5 22.g3 Nf6
23.Rb3 Nxe4 24.Qxe4 Rf3 25.cxd6 cxd6 26.Rf1 Raf8 27.Rxf3 gxf3 28.Nc3 Bh6
29.Nd1 Qf6 30.Kf2 h4 31.Rc3 hxg3+ 32.hxg3 Qg7 33.Qh4 Qg5 34.Qxg5 Bxg5 35.a3 Bd8
36.Rc8 Kg7 37.Nc3 Kf7 38.Rb8 Bb6 39.Rxf8+ Kxf8 40.Kxf3 Bc7 41.Ke4 Kf7 42.Kf5 Bb6
43.Nb5 Ke7 44.e4 a6 45.Nc3 Be3 46.b5 a5 47.a4 Kf7 48.g4 b6 49.Ne2 Bf2 50.g5 Kg7
51.Nc1 Be1 52.Nd3 Bb4 53.Nf2 Bc5 54.Ng4 Bb4 55.Nf6 Kf7 56.g6+ Kg7 57.Nh5+ Kg8
58.Kf6 Be1 59.g7 Bh4+ 60.Kg6  1-0

[Event "27th Open"]
[Site "Cappelle la Grande FRA"]
[Date "2011.03.02"]
[Round "6.48"]
[White "Remille,T"]
[Black "Smith,Ax"]
[Result "0-1"]
[WhiteElo "2196"]
[BlackElo "2451"]

1.d4 Nf6 2.c4 g6 3.Nc3 Bg7 4.e4 d6 5.Nf3 O-O 6.Be2 e5 7.O-O Nc6 8.d5 Ne7
9.Ne1 Nd7 10.Nd3 f5 11.Bd2 fxe4 12.Nxe4 Nf5 13.c5 Nf6 14.Bg5 h6 15.Bxf6 Bxf6
16.Bg4 Bg7 17.cxd6 cxd6 18.Rc1 Qa5 19.Bxf5 gxf5 20.Nxd6 Qxd5 21.Nc5 Qxd1
22.Rfxd1 b6 23.Nxc8 Rfxc8 24.Ne6 Rxc1 25.Rxc1 Bf6 26.Rc6 Kf7 27.b4 Re8 28.Nc7 Rc8
29.b5 Rd8 30.g3 Rd2 31.a4 e4 32.Ne6 Ra2 33.Nf4 Bd4 34.Nh3 Rxa4 35.Rxh6 e3
36.Rh7+ Kg8 37.Re7 Ra1+ 38.Kg2 exf2 39.Nxf2 Ra2 40.Kf3 Rxf2+  0-1

[Event "27th Open"]
[Site "Cappelle la Grande FRA"]
[Date "2011.03.03"]
[Round "7.76"]
[White "Batsiashvili,N"]
[Black "Mataigne,J"]
[Result "1-0"]
[WhiteElo "2396"]
[BlackElo "2068"]

1.d4 Nf6 2.Nf3 g6 3.c4 Bg7 4.Nc3 O-O 5.e4 d6 6.Be2 e5 7.O-O Nc6 8.d5 Ne7
9.Ne1 Nd7 10.Nd3 f5 11.Bd2 Nf6 12.f3 f4 13.c5 g5 14.Rc1 Ng6 15.cxd6 cxd6
16.Nf2 Rf7 17.a4 h5 18.h3 Bf8 19.Nb5 Rg7 20.Rc3 Nh4 21.Be1 a6 22.Na3 Bd7
23.a5 b5 24.axb6 Qxb6 25.Nc4 Qa7 26.Kh1 g4 27.fxg4 hxg4 28.Nxg4 Nxg4 29.Bxh4 Rh7
30.Bxg4 Rxh4 31.Bxd7 Qxd7 32.Nb6  1-0

[Event "TCh-CAT Div Hon"]
[Site "Barcelona ESP"]
[Date "2011.03.05"]
[Round "6.9"]
[White "Martin Canfran,I"]
[Black "Barquero Pinar,D"]
[Result "0-1"]
[WhiteElo "2057"]
[BlackElo "2185"]

1.d4 Nf6 2.c4 g6 3.Nc3 Bg7 4.Nf3 O-O 5.e4 d6 6.Be2 e5 7.O-O Nc6 8.d5 Ne7
9.b4 Nh5 10.c5 Nf4 11.Be3 Nxe2+ 12.Qxe2 f5 13.Rac1 f4 14.Bd2 Bg4 15.Qd3 Rf6
16.Ne1 g5 17.f3 Bd7 18.Qc4 h5 19.b5 g4 20.c6 bxc6 21.bxc6 Bc8 22.Nb5 a6 23.Qa4 g3
24.Qa5 gxh2+ 25.Kxh2 axb5 26.Qxa8 Rg6 27.Nd3 Rg3 28.Qa5 Ng6 29.Be1 Qg5 30.Rc2 Nh4
31.Bxg3 fxg3+ 32.Kh1 Nf5 33.Re1 Qh4+ 34.Kg1 Nd4  0-1

[Event "ch-RUS U20"]
[Site "St Petersburg RUS"]
[Date "2011.03.08"]
[Round "5"]
[White "Goganov,A"]
[Black "Fedoseev,Vl3"]
[Result "1/2-1/2"]
[WhiteElo "2469"]
[BlackElo "2519"]

1.d4 Nf6 2.c4 g6 3.Nc3 Bg7 4.e4 d6 5.Nf3 O-O 6.Be2 e5 7.O-O Nc6 8.d5 Ne7
9.Ne1 Nd7 10.Nd3 f5 11.Bd2 Nf6 12.f3 f4 13.c5 g5 14.cxd6 cxd6 15.Nf2 Ng6
16.Qc2 Rf7 17.Rfc1 Ne8 18.a4 h5 19.h3 Bf8 20.Ra3 Rg7 21.Ncd1 Nh4 22.Rc3 Bd7
23.Be1 a6 24.Kf1 Rb8 25.Qb3 Kh8 26.a5 Nf6 27.Qb6 Qxb6 28.axb6 Be7 29.R3c2 Bd8
30.Bb4 Ne8 31.Ba5 Ng6 32.b3 Ne7 33.Nb2 Nc8 34.Na4 Ra8 35.Nd3 Na7 36.Be1 Nb5
37.Bf2 Nf6 38.Nb4 g4 39.hxg4 hxg4 40.Ke1 g3 41.Bg1 Nd4 42.Bxd4 exd4 43.Nc6 bxc6
44.dxc6 Bc8 45.Kd2 Rh7 46.b4 Ne8 47.c7 Bg5 48.b7 Bxb7 49.c8=Q Rxc8 50.Rxc8 Bxc8
51.Rxc8 Rh1 52.Rxe8+ Kg7 53.Bc4 Rg1 54.Rg8+ Kh6 55.Rh8+ Kg7 56.Rg8+ Kh6 57.Bf7 Rxg2+  1/2-1/2

[Event "ch-Southern FR Men"]
[Site "Armavir RUS"]
[Date "2011.03.12"]
[Round "1"]
[White "Evdokimov,Alexa"]
[Black "Bargandzhiya,Zaza"]
[Result "1-0"]
[WhiteElo "2553"]
[BlackElo "2079"]

1.d4 Nf6 2.c4 g6 3.Nc3 Bg7 4.e4 d6 5.Nf3 O-O 6.Be2 e5 7.O-O Nc6 8.d5 Ne7
9.a4 Ne8 10.a5 f5 11.Ng5 Nf6 12.Bf3 h6 13.Ne6 Bxe6 14.dxe6 fxe4 15.Nxe4 Nxe4
16.Bxe4 c6 17.Qg4 Rf6 18.Rd1 d5 19.cxd5 cxd5 20.Be3 Qd6 21.Bxd5 Nxd5 22.Qe4 Rd8
23.e7 Qxe7 24.Rxd5 Rfd6 25.Rxd6 Qxd6 26.h3 b6 27.axb6 axb6 28.Ra7 b5 29.Qb7 Qf6
30.Qxb5 e4 31.b4 Rd1+ 32.Kh2 Bf8 33.Qc4+ Kh8 34.Qxe4  1-0

[Event "TCh-FIN 2010-11"]
[Site "Helsinki FIN"]
[Date "2011.03.12"]
[Round "8.5"]
[White "Niemela,A"]
[Black "Virtanen,A"]
[Result "1/2-1/2"]
[WhiteElo "2281"]
[BlackElo "2313"]

1.d4 Nf6 2.c4 g6 3.Nc3 Bg7 4.e4 d6 5.Nf3 O-O 6.Be2 e5 7.O-O Nc6 8.d5 Ne7
9.Ne1 Nd7 10.Nd3 f5 11.Bd2 fxe4 12.Nxe4 Nf5 13.Bc3 a5 14.Bg4 Nf6 15.Nxf6+ Qxf6
16.Qe2 Qg5 17.f3 Nd4 18.Bxd4 exd4 19.Be6+ Bxe6 20.Qxe6+ Kh8 21.f4 Qf5 22.Qxf5 Rxf5
23.g4 Rf7 24.Rae1 Raf8 25.Kg2 h6 26.Rf2 Bf6 27.Re6 Kg7 28.Rfe2 b6 29.R2e4 g5
30.f5 h5 31.h3 hxg4 32.hxg4 Rb8 33.Re8 Rf8 34.Rxf8 Kxf8 35.a4 Kf7 36.Re1 Kg7
37.b3 Ra8 38.Rh1 Re8 39.Re1 Ra8 40.Re4 Kf7 41.Ne1 Rh8 42.Nf3 Rg8 43.Nxd4 Bxd4
44.Rxd4 Re8 45.Kf3 Re1 46.Re4 Rb1 47.Re3 Rb2 48.Kg3 Rb1 49.Kf2 Rb2+ 50.Kf1 Rb1+
51.Ke2 Rb2+ 52.Kd1 Rh2 53.Rg3 Kf6 54.Kc1 Kf7 55.Kb1 Kf6 56.Re3 Kf7 57.Re6 Rh4
58.Re4 Rh2 59.Kc1 Rh3 60.Kb2 Rh2+ 61.Kc3 Rh3+ 62.Kb2 Rh2+ 63.Ka3 Rg2 64.Rd4 Kf6
65.Re4 Kf7 66.Rd4  1/2-1/2

[Event "TCh-NED"]
[Site "Netherlands NED"]
[Date "2011.03.12"]
[Round "7.4"]
[White "Hoeksema,E"]
[Black "Stellwagen,D"]
[Result "1/2-1/2"]
[WhiteElo "2312"]
[BlackElo "2635"]

1.d4 Nf6 2.c4 g6 3.Nc3 Bg7 4.e4 d6 5.Nf3 O-O 6.Be2 e5 7.O-O Nc6 8.Be3 Ng4
9.Bg5 f6 10.Bc1 f5 11.dxe5 Ngxe5 12.exf5 Bxf5 13.Be3 Qd7 14.Nxe5 Nxe5 15.Qd2 Rae8
16.Rad1 b6 17.Bh6 Be6 18.b3 a5 19.Bxg7 Qxg7 20.f4 Nd7 21.Bf3 Nc5 22.Rfe1 h6
23.Ne4 Nxe4 24.Bxe4 Bg4 25.Rc1 Qf6 26.g3 Kg7 27.Bc6 Rxe1+ 28.Rxe1 g5 29.fxg5 hxg5
30.Bg2 Bh5 31.Rf1 Qe5 32.Re1 Qf6 33.Rf1 Qe5 34.Re1 Qf6  1/2-1/2

[Event "TCh-SVK Extraliga 2010-11"]
[Site "Slovakia SVK"]
[Date "2011.03.12"]
[Round "7.1"]
[White "Mrva,Mart"]
[Black "Mazur,Ste"]
[Result "0-1"]
[WhiteElo "2471"]
[BlackElo "2388"]

1.Nf3 Nf6 2.c4 g6 3.Nc3 Bg7 4.e4 d6 5.d4 O-O 6.Be2 e5 7.O-O Nc6 8.d5 Ne7
9.b4 a5 10.bxa5 c5 11.Ne1 Rxa5 12.Bd2 Ra6 13.g4 Kh8 14.Ng2 Ne8 15.h4 f5 16.f3 Ng8
17.exf5 gxf5 18.g5 Ne7 19.f4 Ng6 20.Qe1 exf4 21.Nxf4 Bd4+ 22.Kh1 Ng7 23.h5 Nxf4
24.Rxf4 h6 25.gxh6 Ne8 26.Qg3 Rg8 27.Qh3 Ra3 28.Rc1 Qe7 29.Bd3 Qe5 30.Re1 Qxe1+
31.Bxe1 Rg1+ 32.Kh2 Rxe1 33.Rxd4 cxd4 34.Qg3 Re3 35.Qh4 dxc3 36.Qd4+ Re5
37.c5 Rxa2+ 38.Kg3 Ra5 39.cxd6 Rxd5 40.Qxc3 Nxd6 41.Kf4 Rc5 42.Qd4 Nf7 43.Qb2 Nxh6
44.Qb6 Ng8 45.h6 Kh7 46.Qd6 Nxh6 47.Qf8 b6 48.Qd8 Re6 49.Qd4 Rg6 50.Qd8 Rg4+
51.Kf3 Bb7+ 52.Ke3 Rg3+  0-1

[Event "TCh-FIN 2010-11"]
[Site "Helsinki FIN"]
[Date "2011.03.13"]
[Round "9.2"]
[White "Solozhenkin,E"]
[Black "Sepp,O"]
[Result "1-0"]
[WhiteElo "2488"]
[BlackElo "2485"]

1.d4 Nf6 2.c4 g6 3.Nc3 Bg7 4.e4 d6 5.Nf3 O-O 6.Be2 e5 7.O-O Nc6 8.d5 Ne7
9.b4 Nh5 10.c5 h6 11.a4 f5 12.cxd6 cxd6 13.Ra3 Nf6 14.Nd2 Kh8 15.a5 g5 16.f3 f4
17.g4 fxg3 18.hxg3 Ng6 19.Nc4 Nh5 20.Kf2 Bh3 21.Rg1 g4 22.Nb5 Rf6 23.Ke1 a6
24.fxg4 axb5 25.Nb6 Nhf4 26.gxf4 Nxf4 27.Nxa8 Qxa8 28.Bxf4 Rxf4 29.Rxh3 Qa7
30.Rf1 Rxe4 31.Qd2 Rd4 32.Rxh6+ Kg8 33.Qg5 Rf4 34.Rg6  1-0

[Event "TCh-SWE Elitserien 2010-11"]
[Site "Sweden SWE"]
[Date "2011.03.13"]
[Round "11"]
[White "Vernersson,P"]
[Black "Andersson,Fred2"]
[Result "1/2-1/2"]
[WhiteElo "2372"]
[BlackElo "2292"]

1.d4 Nf6 2.c4 g6 3.Nc3 Bg7 4.e4 d6 5.Be2 O-O 6.Nf3 e5 7.O-O Nc6 8.d5 Ne7
9.Ne1 Nd7 10.Nd3 f5 11.f3 f4 12.Bd2 Kh8 13.b4 h5 14.a4 a5 15.c5 Nf6 16.cxd6 cxd6
17.bxa5 g5 18.Nf2 Neg8 19.Nb5 Rf7 20.h3 Nh6 21.Na3 Bf8 22.Nc4 g4 23.fxg4 hxg4
24.hxg4 Rg7 25.Nb6 Bxg4 26.Nxa8 Qxa8 27.Bxg4 Nhxg4 28.Nxg4 Nxg4 29.Qb3 Nf6
30.Rae1 Qc8 31.Rf3 Qc5+ 32.Kf1 Ng4 33.Rh3+ Kg8 34.Re2 Qd4 35.Bc3 Qc5 36.Bb4 Qd4
37.Bc3 Qc5 38.Bb4 Qd4 39.Qc3 Ne3+ 40.Rhxe3 fxe3 41.Rxe3 Qd1+ 42.Qe1 Qg4 43.Qe2 Qg6
44.Be1 Be7 45.Rg3 Qh6 46.Rxg7+ Kxg7 47.Qg4+ Kf7 48.Qf5+ Ke8 49.Qf3 Qc1 50.Qd3 Bg5
51.g3 Qa1 52.Qc2 Qd4 53.Bf2 Be3 54.Be1 Bg5 55.Kg2 Bd8 56.Bf2 Qb4 57.Kf3 Qxa5
58.Qb3 Qc7 59.Be3 Qf7+ 60.Ke2 Qh5+ 61.Kd3 Qf3 62.Qb5+ Kf8 63.Qb2 Qf1+ 64.Qe2 Qb1+
65.Qc2 Qf1+ 66.Qe2 Qb1+ 67.Qc2  1/2-1/2

[Event "TCh-SWE Elitserien 2010-11"]
[Site "Sweden SWE"]
[Date "2011.03.13"]
[Round "11"]
[White "Bergstrom,C"]
[Black "Ziegler,A"]
[Result "0-1"]
[WhiteElo "2383"]
[BlackElo "2345"]

1.Nf3 Nf6 2.c4 g6 3.Nc3 Bg7 4.e4 d6 5.d4 O-O 6.Be2 e5 7.O-O Nc6 8.Be3 Ng4
9.Bg5 f6 10.Bh4 g5 11.Bg3 Nh6 12.dxe5 fxe5 13.Nd5 Nf7 14.h4 Bh6 15.hxg5 Nxg5
16.Nxg5 Bxg5 17.f4 exf4 18.Bxf4 Bxf4 19.Rxf4 Rxf4 20.Nxf4 Qh4 21.Qd5+ Kh8
22.Qf7 Qe7 23.Qh5 Ne5 24.Qh6 Qg7 25.Qxg7+ Kxg7 26.Nd5 Bg4 27.Bxg4 Nxg4 28.Nxc7 Rc8
29.Nb5 Rxc4 30.Nxd6 Rc2 31.Nxb7 Ne3 32.b4 Rxg2+ 33.Kh1 Re2 34.Nd6 Ng4 35.b5 Kf6
36.a4 Ke5 37.b6 axb6 38.Nc4+ Kf4 39.Nxb6 Kg3 40.Nd5 Rh2+ 41.Kg1 Rg2+ 42.Kf1 Nh2+  0-1

[Event "20th Amber Blindfold"]
[Site "Monaco MNC"]
[Date "2011.03.19"]
[Round "7"]
[White "Giri,A"]
[Black "Topalov,V"]
[Result "0-1"]
[WhiteElo "2690"]
[BlackElo "2775"]

1.c4 Nf6 2.Nc3 g6 3.e4 d6 4.d4 Bg7 5.Nf3 O-O 6.Be2 e5 7.O-O Nc6 8.d5 Ne7
9.Ne1 Nd7 10.Nd3 f5 11.Bd2 Nf6 12.f3 c6 13.dxc6 bxc6 14.Be3 Be6 15.b3 a5
16.Bf2 c5 17.exf5 gxf5 18.Qd2 Nc6 19.Rae1 Ra7 20.Bd1 Re7 21.Kh1 Kh8 22.Bh4 Qe8
23.f4 e4 24.Nf2 Nd4 25.h3 Rd7 26.Na4 Ra7 27.Qe3 Qc6 28.Nc3 d5 29.Bxf6 Bxf6
30.cxd5 Bxd5 31.Rg1 Bg8 32.g4 Re7 33.Kh2 Nf3+ 34.Bxf3 exf3 35.Qd2 Rd7 36.Qc2 Qd6
37.Qc1 Qd2 38.Qxd2 Rxd2 39.Nd1 Bh4 40.Rgf1 Rxa2 41.Re3 c4 42.Rxf3 cxb3 43.Nc3 Rc2
44.Kg1 Bc4  0-1

[Event "ch-Southern FR Men"]
[Site "Armavir RUS"]
[Date "2011.03.20"]
[Round "9"]
[White "Kryakvin,D"]
[Black "Demchenko,A"]
[Result "1-0"]
[WhiteElo "2573"]
[BlackElo "2556"]

1.d4 Nf6 2.c4 g6 3.Nc3 Bg7 4.e4 O-O 5.Nf3 d6 6.Be2 e5 7.O-O Nc6 8.d5 Ne7
9.a4 a5 10.Ne1 Nd7 11.Nd3 b6 12.Bd2 Nc5 13.f3 Kh8 14.Nb5 Nb7 15.f4 f5 16.fxe5 dxe5
17.Bc3 c6 18.Na3 Nd6 19.exf5 Bxf5 20.Bxe5 cxd5 21.Bxg7+ Kxg7 22.Nf4 Nxc4
23.Qd4+ Rf6 24.Ne6+  1-0

[Event "Zonal 2.3 Caribbean 2011"]
[Site "Santiago de los Caballeros DOM"]
[Date "2011.03.20"]
[Round "4"]
[White "Pitterson,J"]
[Black "Mazara,A"]
[Result "1/2-1/2"]
[WhiteElo "2263"]
[BlackElo "2298"]

1.d4 Nf6 2.c4 g6 3.Nc3 Bg7 4.e4 d6 5.Nf3 O-O 6.Be2 e5 7.O-O Nc6 8.d5 Ne7
9.Ne1 Nd7 10.Be3 f5 11.f3 f4 12.Bf2 g5 13.Rc1  1/2-1/2

[Event "ch-Moscow S/F 2011"]
[Site "Moscow RUS"]
[Date "2011.03.22"]
[Round "6"]
[White "Shefer,A"]
[Black "Arslanov,S"]
[Result "0-1"]
[WhiteElo "2180"]
[BlackElo "2411"]

1.d4 Nf6 2.c4 g6 3.Nc3 Bg7 4.e4 d6 5.Nf3 O-O 6.Be2 e5 7.O-O Nc6 8.d5 Ne7
9.Ne1 Nd7 10.Nd3 f5 11.Bd2 fxe4 12.Nxe4 Nf5 13.Bg4 Nf6 14.Nxf6+ Qxf6 15.Bc3 Qg5
16.Bd2 Qh4 17.f3 e4 18.fxe4 Bd4+ 19.Nf2 Nh6 20.Bf3 Ng4 21.Bxg4 Bxf2+ 22.Kh1 Bxg4  0-1

[Event "FIDE Zonal 3.5 w 2011"]
[Site "Tianjin CHN"]
[Date "2011.03.22"]
[Round "3"]
[White "Shen Yang"]
[Black "Huang Qian"]
[Result "1/2-1/2"]
[WhiteElo "2443"]
[BlackElo "2394"]

1.d4 Nf6 2.c4 g6 3.Nc3 Bg7 4.e4 d6 5.Nf3 O-O 6.Be2 e5 7.O-O Nc6 8.d5 Ne7
9.Ne1 Nd7 10.Nd3 f5 11.Bd2 fxe4 12.Nxe4 Nf6 13.Bf3 Nf5 14.Rc1 Nd4 15.Nxf6+ Bxf6
16.Be4 c5 17.dxc6 bxc6 18.Be3 Bf5 19.f3 Bxe4 20.fxe4 Qe7 21.Qd2 Ne6 22.b4 Rad8
23.Rce1 Bh4 24.g3 Bg5 25.Kg2 Bxe3 26.Qxe3 Nd4 27.Rc1  1/2-1/2

[Event "FIDE Zonal 3.5 2011"]
[Site "Tianjin CHN"]
[Date "2011.03.22"]
[Round "3"]
[White "Zhou Weiqi"]
[Black "Ding,L"]
[Result "1-0"]
[WhiteElo "2592"]
[BlackElo "2637"]

1.Nf3 Nf6 2.c4 g6 3.Nc3 Bg7 4.e4 d6 5.d4 O-O 6.Be2 e5 7.O-O Nc6 8.d5 Ne7
9.Ne1 Nd7 10.f3 f5 11.g4 Nf6 12.Nd3 h6 13.exf5 gxf5 14.Be3 Ng6 15.Kh1 f4
16.Bd2 h5 17.g5 Nh7 18.Ne4 Nxg5 19.Rg1 Bh6 20.Ndf2 Kh7 21.Nxg5+ Bxg5 22.Bd3 Bf5
23.Qc2 Nh4 24.Bxf5+ Nxf5 25.Rg2 Bh4 26.Ne4 Qd7 27.Rag1 Rg8 28.Be1 Be7 29.Ng5+ Rxg5
30.Rxg5 Bxg5 31.Rxg5 Rf8 32.Rxh5+ Kg6 33.Rh3 Qg7 34.Rh4 Kf6 35.Rxf4 Qh7 36.Bh4+ Kg7
37.Rg4+ Kf7 38.Qa4  1-0